000 00783cam a2200265 i 4500
001 3166956
003 ARRUPE
005 20240216113319.0
008 750731s1975 enkaf 001 0 eng
010 _a 75320066
015 _aGB***
020 _a0297769251 :
_c£6.00
040 _aDLC
_cDLC
_dDLC
043 _aa-is---
_ama-----
050 0 0 _aDS128.1
_b.H467 1975b
082 0 0 _a956/.048
100 1 _aHerzog, Chaim,
_d1918-1997.
_952489
245 1 4 _aThe war of atonement /
_cChaim Herzog.
260 _aLondon :
_bWeidenfeld and Nicolson,
_cc1975.
300 _a300 p., [8] leaves of plates :
_bill. ;
_c24 cm.
500 _aIncludes index.
650 0 _aIsrael-Arab War, 1973.
_952396
906 _a7
_bcbc
_corignew
_d3
_encip
_f19
_gy-gencatlg
942 _2lcc
_cMONOGRAPH
999 _c131813
_d131813